Elenco comuni italiani -Lettera G - Statistics

Statistiche generali
  • Questo quiz è stato fatto 27 volte
  • Il punteggio medio è 51 su 347
Statistiche sulle risposte
Comune Provincia Regione Abitanti % Corretto
Gela Caltanissetta Sicilia 72491
82%
Genova (capoluogo di provincia) Liguria 566410
82%
Gorizia (capoluogo di provincia) Friuli-Venezia Giulia 34087
82%
Grosseto (capoluogo di provincia) Toscana 81643
82%
Galatina Lecce Puglia 25944
71%
Gallarate Varese Lombardia 52787
71%
Garlasco Pavia Lombardia 9443
71%
Grado Gorizia Friuli-Venezia Giulia 7959
71%
Gubbio Perugia Umbria 30923
71%
Galatone Lecce Puglia 15015
65%
Gatteo Forlì-Cesena Emilia-Romagna 9289
65%
Gaeta Latina Lazio 19755
59%
Genzano di Roma Roma Lazio 23221
59%
Gioi Salerno Campania 1148
59%
Gioia Tauro Reggio Calabria Calabria 19133
59%
Gravina in Puglia Bari Puglia 42895
59%
Gallipoli Lecce Puglia 19679
53%
Gangi Palermo Sicilia 6285
53%
Gioia del Colle Bari Puglia 26963
53%
Giussano Monza e della Brianza Lombardia 25923
53%
Goito Mantova Lombardia 10028
53%
Goro Ferrara Emilia-Romagna 3588
53%
Gradara Pesaro e Urbino Marche 4881
53%
Gualdo Macerata Marche 736
53%
Gualdo Tadino Perugia Umbria 14408
53%
Guastalla Reggio Emilia Emilia-Romagna 14746
53%
Gabicce Mare Pesaro e Urbino Marche 5597
47%
Gemona del Friuli Udine Friuli-Venezia Giulia 10634
47%
Genazzano Roma Lazio 5724
47%
Gerace Reggio Calabria Calabria 2426
47%
Giugliano Napoli Campania #N/A
47%
Gorgonzola Milano Lombardia 20899
47%
Guidonia Montecelio Roma Lazio 87875
47%
Guiglia Modena Emilia-Romagna 4003
47%
Gaggi Messina Sicilia 3039
41%
Giulianova Teramo Abruzzo 23464
41%
Gambara Brescia Lombardia 4560
35%
Gardone Riviera Brescia Lombardia 2642
35%
Gardone Val Trompia Brescia Lombardia 11407
35%
Gavi Alessandria Piemonte 4454
35%
Gavirate Varese Lombardia 9068
35%
Gazzo Padova Veneto 4300
35%
Girifalco Catanzaro Calabria 5589
35%
Gricignano di Aversa Caserta Campania 12589
35%
Grizzana Morandi Bologna Emilia-Romagna 3882
35%
Grottaglie Taranto Puglia 30993
35%
Gaggiano Milano Lombardia 9225
29%
Gagliano del Capo Lecce Puglia 4906
29%
Gallicano Lucca Toscana 3580
29%
Garbagna Alessandria Piemonte 618
29%
Garbagnate Milanese Milano Lombardia 26771
29%
Garda Verona Veneto 4143
29%
Gattinara Vercelli Piemonte 7572
29%
Gavardo Brescia Lombardia 12258
29%
Giarre Catania Sicilia 26485
29%
Ginosa Taranto Puglia 21926
29%
Grammichele Catania Sicilia 12561
29%
Gratteri Palermo Sicilia 887
29%
Gravellona Toce Verbano-Cusio-Ossola Piemonte 7621
29%
Grosso Torino Piemonte 973
29%
Grottammare Ascoli Piceno Marche 15960
29%
Gabbioneta-Binanuova Cremona Lombardia 866
24%
Gallicano nel Lazio Roma Lazio 6408
24%
Galliera Bologna Emilia-Romagna 5504
24%
Gallio Vicenza Veneto 2342
24%
Gandino Bergamo Lombardia 5237
24%
Gargnano Brescia Lombardia 2761
24%
Garlate Lecco Lombardia 2671
24%
Gessate Milano Lombardia 8842
24%
Gibellina Trapani Sicilia 3836
24%
Ginestra Potenza Basilicata 721
24%
Giove Terni Umbria 1857
24%
Gravina di Catania Catania Sicilia 25031
24%
Greccio Rieti Lazio 1492
24%
Gressoney-La-Trinité Aosta Valle d'Aosta 321
24%
Gressoney-Saint-Jean Aosta Valle d'Aosta 804
24%
Grottaferrata Roma Lazio 20337
24%
Grugliasco Torino Piemonte 37201
24%
Gussago Brescia Lombardia 16488
24%
Gadesco-Pieve Delmona Cremona Lombardia 1917
18%
Gaggio Montano Bologna Emilia-Romagna 4810
18%
Gaiba Rovigo Veneto 989
18%
Gaiole in Chianti Siena Toscana 2638
18%
Galati Mamertino Messina Sicilia 2361
18%
Galbiate Lecco Lombardia 8443
18%
Galeata Forlì-Cesena Emilia-Romagna 2385
18%
Galliate Novara Piemonte 15516
18%
Galliera Veneta Padova Veneto 7127
18%
Gallinaro Frosinone Lazio 1192
18%
Gallodoro Messina Sicilia 348
18%
Gallo Matese Caserta Campania 522
18%
Galluccio Caserta Campania 2016
18%
Gambellara Vicenza Veneto 3402
18%
Gambettola Forlì-Cesena Emilia-Romagna 10661
18%
Gambolò Pavia Lombardia 9649
18%
Gandellino Bergamo Lombardia 972
18%
Garaguso Matera Basilicata 1001
18%
Gassino Torinese Torino Piemonte 9389
18%
Gattatico Reggio Emilia Emilia-Romagna 5715
18%
Gavello Rovigo Veneto 1470
18%
Gavorrano Grosseto Toscana 8264
18%
Ghedi Brescia Lombardia 18521
18%
Gianico Brescia Lombardia 2134
18%
Giardinello Palermo Sicilia 2267
18%
Giardini-Naxos Messina Sicilia 9006
18%
Giarratana Ragusa Sicilia 2830
18%
Giustino Trento Trentino-Alto Adige 749
18%
Gorle Bergamo Lombardia 6546
18%
Gosaldo Belluno Veneto 545
18%
Gottolengo Brescia Lombardia 4959
18%
Gragnano Napoli Campania 28293
18%
Grimaldi Cosenza Calabria 1536
18%
Grottazzolina Fermo Marche 3259
18%
Grotte Agrigento Sicilia 5303
18%
Grumo Appula Bari Puglia 12298
18%
Gabiano Alessandria Piemonte 1003
12%
Gaby Aosta Valle d'Aosta 437
12%
Gadoni Nuoro Sardegna 725
12%
Gaglianico Biella Piemonte 3710
12%
Gagliano Aterno L'Aquila Abruzzo 244
12%
Gagliano Castelferrato Enna Sicilia 3368
12%
Gagliato Catanzaro Calabria 436
12%
Gagliole Macerata Marche 538
12%
Gaiarine Treviso Veneto 6021
12%
Gaiola Cuneo Piemonte 566
12%
Gairo Ogliastra Sardegna 1317
12%
Gais Bolzano Trentino-Alto Adige 3238
12%
Galatro Reggio Calabria Calabria 1499
12%
Galgagnano Lodi Lombardia 1303
12%
Gallese Viterbo Lazio 2649
12%
Galliate Lombardo Varese Lombardia 989
12%
Galliavola Pavia Lombardia 176
12%
Gallicchio Potenza Basilicata 824
12%
Galtellì Nuoro Sardegna 2380
12%
Galzignano Terme Padova Veneto 4290
12%
Gamalero Alessandria Piemonte 825
12%
Gambarana Pavia Lombardia 203
12%
Gambasca Cuneo Piemonte 341
12%
Gambassi Terme Firenze Toscana 4792
12%
Gambatesa Campobasso Molise 1297
12%
Gamberale Chieti Abruzzo 289
12%
Gandosso Bergamo Lombardia 1445
12%
Garbagna Novarese Novara Piemonte 1400
12%
Garbagnate Monastero Lecco Lombardia 2516
12%
Garessio Cuneo Piemonte 2902
12%
Gargallo Novara Piemonte 1750
12%
Gargazzone Bolzano Trentino-Alto Adige 1821
12%
Garlenda Savona Liguria 1302
12%
Garniga Terme Trento Trentino-Alto Adige 393
12%
Garzeno Como Lombardia 699
12%
Garzigliana Torino Piemonte 544
12%
Gasperina Catanzaro Calabria 1906
12%
Gattico-Veruno Novara Piemonte 5231
12%
Gaverina Terme Bergamo Lombardia 862
12%
Gavignano Roma Lazio 1920
12%
Gavoi Nuoro Sardegna 2527
12%
Gazoldo degli Ippoliti Mantova Lombardia 3000
12%
Genivolta Cremona Lombardia 1132
12%
Gesualdo Avellino Campania 3303
12%
Ghisalba Bergamo Lombardia 6133
12%
Giave Sassari Sardegna 500
12%
Giaveno Torino Piemonte 16168
12%
Gioiosa Ionica Reggio Calabria Calabria 6799
12%
Giovinazzo Bari Puglia 19537
12%
Giovo Trento Trentino-Alto Adige 2520
12%
Giuliana Palermo Sicilia 1730
12%
Godega di Sant'Urbano Treviso Veneto 5918
12%
Godrano Palermo Sicilia 1087
12%
Gonzaga Mantova Lombardia 8758
12%
Gorga Roma Lazio 698
12%
Grassano Matera Basilicata 4865
12%
Grassobbio Bergamo Lombardia 6417
12%
Gressan Aosta Valle d'Aosta 3380
12%
Greve in Chianti Firenze Toscana 13426
12%
Grinzane Cavour Cuneo Piemonte 1995
12%
Grisignano di Zocco Vicenza Veneto 4266
12%
Grottole Matera Basilicata 2088
12%
Grumello del Monte Bergamo Lombardia 7396
12%
Guardiagrele Chieti Abruzzo 8615
12%
Gussola Cremona Lombardia 2630
12%
Gazzaniga Bergamo Lombardia 4934
6%
Gazzola Piacenza Emilia-Romagna 2104
6%
Gazzo Veronese Verona Veneto 5226
6%
Genga Ancona Marche 1679
6%
Genzano di Lucania Potenza Basilicata 5377
6%
Geraci Siculo Palermo Sicilia 1768
6%
Gerano Roma Lazio 1163
6%
Gerre de' Caprioli Cremona Lombardia 1331
6%
Giano dell'Umbria Perugia Umbria 3756
6%
Giano Vetusto Caserta Campania 666
6%
Giffone Reggio Calabria Calabria 1602
6%
Giffoni Sei Casali Salerno Campania 4931
6%
Giffoni Valle Piana Salerno Campania 11560
6%
Ginestra degli Schiavoni Benevento Campania 423
6%
Gioia Sannitica Caserta Campania 3316
6%
Gissi Chieti Abruzzo 2545
6%
Giuggianello Lecce Puglia 1148
6%
Giussago Pavia Lombardia 5229
6%
Golfo Aranci Gallura Nord-Est Sardegna Sardegna 2406
6%
Goni Cagliari Sardegna 465
6%
Gorgo al Monticano Treviso Veneto 4039
6%
Gorlago Bergamo Lombardia 5143
6%
Gorla Maggiore Varese Lombardia 4922
6%
Gorla Minore Varese Lombardia 8132
6%
Gorno Bergamo Lombardia 1491
6%
Gorreto Genova Liguria 90
6%
Gozzano Novara Piemonte 5403
6%
Gradisca d'Isonzo Gorizia Friuli-Venezia Giulia 6373
6%
Gradoli Viterbo Lazio 1276
6%
Granarolo dell'Emilia Bologna Emilia-Romagna 12471
6%
Grandola ed Uniti Como Lombardia 1300
6%
Graniti Messina Sicilia 1425
6%
Grantorto Padova Veneto 4514
6%
Granze Padova Veneto 1965
6%
Gravedona ed Uniti Como Lombardia 4080
6%
Gravellona Lomellina Pavia Lombardia 2703
6%
Grazzanise Caserta Campania 6785
6%
Grazzano Badoglio Asti Piemonte 587
6%
Greci Avellino Campania 610
6%
Greggio Vercelli Piemonte 340
6%
Grezzago Milano Lombardia 3067
6%
Grezzana Verona Veneto 10716
6%
Grignasco Novara Piemonte 4307
6%
Grigno Trento Trentino-Alto Adige 2086
6%
Grottaminarda Avellino Campania 7722
6%
Grottolella Avellino Campania 1833
6%
Grumento Nova Potenza Basilicata 1598
6%
Grumolo delle Abbadesse Vicenza Veneto 3768
6%
Grumo Nevano Napoli Campania 17274
6%
Guagnano Lecce Puglia 5488
6%
Gualdo Cattaneo Perugia Umbria 5759
6%
Guardialfiera Campobasso Molise 970
6%
Guardia Lombardi Avellino Campania 1533
6%
Guardia Perticara Potenza Basilicata 524
6%
Guardia Piemontese Cosenza Calabria 1728
6%
Guardiaregia Campobasso Molise 726
6%
Guardia Sanframondi Benevento Campania 4656
6%
Guidizzolo Mantova Lombardia 5962
6%
Gurro Verbano-Cusio-Ossola Piemonte 190
6%
Guspini Medio Campidano Sardegna 11161
6%
Gazzada Schianno Varese Lombardia 4538
0%
Gazzuolo Mantova Lombardia 2137
0%
Gemmano Rimini Emilia-Romagna 1124
0%
Gemonio Varese Lombardia 2884
0%
Genola Cuneo Piemonte 2605
0%
Genoni Cagliari Sardegna 788
0%
Genuri Medio Campidano Sardegna 307
0%
Gera Lario Como Lombardia 1049
0%
Gerenzago Pavia Lombardia 1388
0%
Gerenzano Varese Lombardia 10804
0%
Gergei Cagliari Sardegna 1147
0%
Germagnano Torino Piemonte 1117
0%
Germagno Verbano-Cusio-Ossola Piemonte 188
0%
Germignaga Varese Lombardia 3822
0%
Gerocarne Vibo Valentia Calabria 1967
0%
Gerola Alta Sondrio Lombardia 159
0%
Gesico Cagliari Sardegna 805
0%
Gessopalena Chieti Abruzzo 1261
0%
Gesturi Medio Campidano Sardegna 1175
0%
Ghemme Novara Piemonte 3373
0%
Ghiffa Verbano-Cusio-Ossola Piemonte 2308
0%
Ghilarza Oristano Sardegna 4285
0%
Ghislarengo Vercelli Piemonte 814
0%
Giacciano con Baruchella Rovigo Veneto 2068
0%
Giaglione Torino Piemonte 594
0%
Giarole Alessandria Piemonte 683
0%
Giavera del Montello Treviso Veneto 5185
0%
Giba Sulcis Iglesiente Sardegna 1909
0%
Gifflenga Biella Piemonte 110
0%
Gignese Verbano-Cusio-Ossola Piemonte 1081
0%
Gignod Aosta Valle d'Aosta 1739
0%
Gildone Campobasso Molise 759
0%
Gimigliano Catanzaro Calabria 3057
0%
Gioia dei Marsi L'Aquila Abruzzo 1738
0%
Gioiosa Marea Messina Sicilia 6757
0%
Girasole Nuoro Sardegna 1278
0%
Giuliano di Roma Frosinone Lazio 2358
0%
Giuliano Teatino Chieti Abruzzo 1151
0%
Giungano Salerno Campania 1296
0%
Giurdignano Lecce Puglia 1929
0%
Giustenice Savona Liguria 986
0%
Giusvalla Savona Liguria 406
0%
Givoletto Torino Piemonte 4003
0%
Gizzeria Catanzaro Calabria 4971
0%
Glorenza Bolzano Trentino-Alto Adige 913
0%
Godiasco Salice Terme Pavia Lombardia 3182
0%
Golasecca Varese Lombardia 2641
0%
Golferenzo Pavia Lombardia 182
0%
Gombito Cremona Lombardia 630
0%
Gonars Udine Friuli-Venezia Giulia 4621
0%
Gonnesa Sulcis Iglesiente Sardegna 4751
0%
Gonnoscodina Oristano Sardegna 453
0%
Gonnosfanadiga Medio Campidano Sardegna 6254
0%
Gonnosnò Oristano Sardegna 722
0%
Gonnostramatza Oristano Sardegna 821
0%
Gordona Sondrio Lombardia 1938
0%
Gorgoglione Matera Basilicata 888
0%
Goriano Sicoli L'Aquila Abruzzo 525
0%
Gornate Olona Varese Lombardia 2161
0%
Gorzegno Cuneo Piemonte 257
0%
Gossolengo Piacenza Emilia-Romagna 5666
0%
Gottasecca Cuneo Piemonte 124
0%
Govone Cuneo Piemonte 2260
0%
Graffignana Lodi Lombardia 2549
0%
Graffignano Viterbo Lazio 2151
0%
Graglia Biella Piemonte 1485
0%
Gragnano Trebbiense Piacenza Emilia-Romagna 4491
0%
Grana Monferrato Asti Piemonte 507
0%
Grandate Como Lombardia 2809
0%
Granozzo con Monticello Novara Piemonte 1336
0%
Grantola Varese Lombardia 1232
0%
Gravere Torino Piemonte 665
0%
Gremiasco Alessandria Piemonte 295
0%
Griante Como Lombardia 595
0%
Grimacco Udine Friuli-Venezia Giulia 305
0%
Grisolia Cosenza Calabria 2199
0%
Grognardo Alessandria Piemonte 241
0%
Gromo Bergamo Lombardia 1153
0%
Grondona Alessandria Piemonte 471
0%
Grone Bergamo Lombardia 865
0%
Grontardo Cremona Lombardia 1500
0%
Gropello Cairoli Pavia Lombardia 4343
0%
Gropparello Piacenza Emilia-Romagna 2144
0%
Groscavallo Torino Piemonte 194
0%
Grosio Sondrio Lombardia 4412
0%
Grosotto Sondrio Lombardia 1635
0%
Grotte di Castro Viterbo Lazio 2450
0%
Grotteria Reggio Calabria Calabria 2876
0%
Gruaro Venezia Veneto 2760
0%
Grumello Cremonese ed Uniti Cremona Lombardia 1694
0%
Gualtieri Reggio Emilia Emilia-Romagna 6317
0%
Gualtieri Sicaminò Messina Sicilia 1615
0%
Guamaggiore Cagliari Sardegna 940
0%
Guanzate Como Lombardia 5816
0%
Guarcino Frosinone Lazio 1520
0%
Guardabosone Vercelli Piemonte 339
0%
Guardamiglio Lodi Lombardia 2635
0%
Guardavalle Catanzaro Calabria 4205
0%
Guarda Veneta Rovigo Veneto 1110
0%
Guardea Terni Umbria 1749
0%
Guardistallo Pisa Toscana 1168
0%
Guarene Cuneo Piemonte 3516
0%
Guasila Cagliari Sardegna 2531
0%
Guazzora Alessandria Piemonte 302
0%
Gudo Visconti Milano Lombardia 1614
0%
Guglionesi Campobasso Molise 4957
0%
Guilmi Chieti Abruzzo 417
0%
Nessun quiz corrispondente trovato
Distribuzione punteggi
Percentuale di utenti per punteggio
Percentile per numero di risposta
I tuoi punteggi nel tempo
Non hai fatto questo quiz